Letterboxd Top 100 Most Popular Horror Movies (Jan. 2026) - Statistics

General Stats
  • This quiz has been taken 89 times
  • The average score is 27 of 100
Answer Stats
Hint Answer % Correct
51. Halloween
88%
8. The Shining
73%
17. Scream (1996)
72%
16. It (2017)
67%
3. Get Out
64%
32. The Thing
64%
79. A Nightmare On Elm Street
63%
57. The Exorcist
63%
59. The Texas Chainsaw Massacre
61%
12. Hereditary
60%
61. Saw
60%
34. The Conjuring
57%
21. Alien
55%
13. Frankenstein
49%
7. Nosferatu
49%
70. The Blair Witch Project
49%
19. Us
49%
96. Scream 2
48%
30. The Witch
48%
4. Midsommar
46%
18. Nope
46%
11. Weapons
46%
71. Aliens
43%
98. Dracula
43%
9. Silence of the Lambs
43%
24 Jaws
42%
1. Sinners
34%
60. Carrie
33%
95. The Babadook
33%
90. The Conjuring 2
33%
22. The Lighthouse
33%
39. 28 Days Later
31%
45. Smile
31%
2. The Substance
31%
41. 28 Years Later
30%
72. Final Destination
30%
23. X
30%
83. Eraserhead
28%
40. The Sixth Sense
28%
78. It Follows
27%
87. Rosemary's Baby
27%
49. Shaun of the Dead
27%
15. Pearl
25%
80. Suspiria (1977)
24%
89. Suspiria (2018)
24%
28. A Quiet Place
22%
29. Barbarian
22%
26. Perfect Blue
22%
65. Smile 2
22%
42. The Black Phone
22%
6. Black Swan
21%
50. Maxxxine
21%
84. Possession
19%
54. Ready or Not
19%
52. Train To Busan
19%
69. Zombieland
19%
43. Alien Romulus
18%
86. Cabin In The Woods
18%
14. Coraline
18%
20. Longlegs
18%
99. The Invisible Man
18%
88. Evil Dead Rise
16%
36. Talk To Me
16%
25. Companion
15%
38. Five Nights at Freddy's
15%
53. It Chapter Two
15%
35. Split
15%
56. Bring Her Back
13%
85. M3GAN
13%
94. The Monkey
12%
66. A Quiet Place Day One
10%
77. Bird Box
10%
10. The Menu
10%
93. World War Z
10%
5. American Psycho
9%
81. A Quiet Place Part II
9%
44. Bodies Bodies Bodies
9%
46. Final Destination Bloodlines
9%
91. Five Nights at Freddy's 2
9%
100. Immaculate
9%
48. I Saw The TV Glow
9%
64. Mother!
9%
67. The Long Walk
9%
82. Together
9%
97. What We Do In The Shadows
9%
31. Bones and All
7%
92. Fresh
7%
62. Late Night With the Devil
7%
73. The Conjuring: Last Rites
7%
68. Annihilation
6%
63. Godzilla Minus One
6%
33. Jennifer's Body
6%
27. Pyscho
6%
55. Trap
6%
76. Scream VI
4%
74. Blink Twice
3%
37. Heretie
1%
47. Last Night at Soho
1%
75. Scream (2022)
1%
58. The Rocky Picture Horror Show
1%
No matching quizzes found
Score Distribution
Percent of People with Each Score
Percentile by Number Answered
Your Score History
You have not taken this quiz